000 00329nam a2200133Ia 4500
008 191201s2012 xx 000 0 und d
100 _aMOTHE,Madhusudan
245 0 _aC++ Programming a Practical Approach
250 _a1st
260 _aNew Delhi
_bpearson
_c2012
300 _a453
650 _aM.Tech(CSE)
942 _2ddc
_cBK
_024
999 _c5975
_d5975